000 00766nam a2200229 u 4500
005 20240420063932.0
008 130828s2012 r 000 0 eng d
020 _a9786077071167
035 _aUPN01000192511
049 _aCG
050 4 _aLC4713.2
_bC3.2
100 1 _aCasajús Lacosta, Angel María
_934365
245 1 0 _aDidáctica escolar para alumnos con TDAH :
_btranstornos de déficit de atención con hiperactividad /
_cAngel Ma. Casajús Lacosta.
260 _aMéxico :
_bAlfaomega,
_cc2012.
300 _a199 p. :
_bgráfs., cuadros
440 0 _aEducación.
_pPedagogía y didáctica
650 4 _aTrastornos de la atención
_92909
650 4 _aHiperactividad
_93080
650 4 _aEducación especial
_93029
905 _aLibro
999 _c164613
_d164613